Central Library OPAC University of Rajshahi

Business studies, languages and overseas trade : (Record no. 7542)

MARC details
000 -LEADER
fixed length control field 01002nam a22002771 4500
001 - CONTROL NUMBER
control field 7542
003 - CONTROL NUMBER IDENTIFIER
rucl marc code BD-RjUL
005 - DATE AND TIME OF LATEST TRANSACTION
control field 20211208234433.0
008 - FIXED-LENGTH DATA ELEMENTS--GENERAL INFORMATION
fixed length control field 140115s1985 enk 001 0 eng d
020 ## - INTERNATIONAL STANDARD BOOK NUMBER
International Standard Book Number 071210660X
035 ## - SYSTEM CONTROL NUMBER
System control number (BD-RjUL)7586
040 ## - CATALOGING SOURCE
Original cataloging agency BD-RjUL
Language of cataloging eng
Transcribing agency BD-RjUL
041 ## - LANGUAGE CODE
Language code of text/sound track or separate title eng
082 ## - DEWEY DECIMAL CLASSIFICATION NUMBER
Edition number 21
Classification number 418.007041
Author mark and year LIB 1985
100 1# - MAIN ENTRY--PERSONAL NAME
Personal name Liston, David J.
Fuller form of name (David Joel),
Dates associated with a name 1914-
9 (RLIN) 23526
245 10 - TITLE STATEMENT
Title Business studies, languages and overseas trade :
Remainder of title a study of activities in education and training /
Statement of responsibility, etc. David Liston and Nigel Reeves
260 ## - PUBLICATION, DISTRIBUTION, ETC. (IMPRINT)
Place of publication, distribution, etc. Institute of export :
Name of publisher, distributor, etc. London ;
Place of publication, distribution, etc. Plymouth :
Name of publisher, distributor, etc. Macdonald & Evans,
Date of publication, distribution, etc. c1985
300 ## - PHYSICAL DESCRIPTION
Pagination x, 189 p ;
Size 24 cm
504 ## - BIBLIOGRAPHY, ETC. NOTE
Bibliography, etc Includes index.
650 #0 - SUBJECT ADDED ENTRY--TOPICAL TERM
Topical term or geographic name as entry element Languages, Modern
General subdivision Study and teaching
Geographic subdivision Great Britain
9 (RLIN) 23527
Topical term or geographic name as entry element Executives
Geographic subdivision Great Britain
General subdivision Language
9 (RLIN) 23528
651 #0 - SUBJECT ADDED ENTRY--GEOGRAPHIC NAME
Geographic name Great Britain
General subdivision Commerce
9 (RLIN) 23529
700 1# - ADDED ENTRY--PERSONAL NAME
Personal name Reeves, Nigel,
Dates associated with a name 1939-
710 2# - ADDED ENTRY--CORPORATE NAME
Corporate name or jurisdiction name as entry element Institute of Export (London, England)
9 (RLIN) 23531
942 ## - ADDED ENTRY ELEMENTS (KOHA)
Source of classification or shelving scheme Dewey Decimal Classification
Koha item type Books
Holdings
Lost status Source of classification or shelving scheme Damaged status Not for loan Collection code Permanent Location Current Location Shelving location Date acquired Source of acquisition Cost, normal purchase price Total Checkouts Full call number Date last seen Copy number Koha item type
  Dewey Decimal Classification     Non-fiction Central Library, University of Rajshahi Central Library, University of Rajshahi   09/04/1986 Karim International 15.00   418.007041 LIB 1985 15/01/2014 C-2 Books
  Dewey Decimal Classification     Non-fiction Central Library, University of Rajshahi Central Library, University of Rajshahi   09/04/1986 Karim int. 15.00   418.007041 LIB 1985 21/06/2016 C-3 Books
  Dewey Decimal Classification     Non-fiction Central Library, University of Rajshahi Central Library, University of Rajshahi   09/04/1986 Karim International 15.00   418.007041 LIB 1985 24/08/2016 C-4 Books
  Dewey Decimal Classification     Non-fiction Central Library, University of Rajshahi Central Library, University of Rajshahi   09/04/1986 Karim International 15.00   418.007041 LIB 1985 24/08/2016 C-5 Books
  Dewey Decimal Classification   Not For Loan Non-fiction Central Library, University of Rajshahi Central Library, University of Rajshahi Reading Room 09/04/1986 Karim International 15.00   418.007041 LIB 1985 15/01/2017 C-1 Books